000 00201nam a2200109Ia 4500
100 _a#N/A
942 _cBK
654 _amorphix
245 _aMorphix - Play Games
260 _b#N/A
546 _aENGLISH
999 _c23252
_d23252